000 00570nam a22002177a 4500
005 20181207144730.0
008 181129b xxu||||| |||| 00| 0 eng d
020 _a052156851x
_c₹ 900.00
040 _aLoreto College
041 _aEnglish
082 _a420.7
_bYUL
100 _aYule, George
245 _aThe study of language
_cGeorge Yule
250 _a2nd edition
260 _aCambridge
_bCambridge University Press
_c2011
300 _a294 p.
_b24 cm.
650 _aStudy of Language
650 _aTeaching of Language
850 _aLCBED
942 _cBK
999 _c41847
_d92326